|
|
|
|
| LEADER |
00000nam a2200000 a 4500 |
| 001 |
vtls001337464 |
| 003 |
SK-MaSNL |
| 005 |
20260301235830.0 |
| 008 |
180814s1971 xo a 0 eng |
| 020 |
|
|
|c 1,00
|
| 035 |
|
|
|a SNK000290467
|
| 040 |
|
|
|a SNK
|b slo
|c SNK
|e AACR2
|
| 041 |
0 |
|
|a eng
|
| 044 |
|
|
|a xo
|c SK
|
| 080 |
|
|
|a 659.132.21
|2 1981
|
| 110 |
0 |
|
|a Galéria P. M. Bohúňa (Liptovský Mikuláš, Slovensko)
|4 aut
|9 32568
|
| 245 |
1 |
4 |
|a The P.M. Bohúň District Gallery in Liptovský Mikuláš
|b art-historical memorials at Liptov in the Slovak socialistic republic of Czechoslovakia
|c autor textov Vojtech Mensatoris
|
| 260 |
|
|
|a Bratislava
|b Čedok
|c 1971
|
| 300 |
|
|
|a 1 skladačka ([12] s.)
|c 21 cm
|
| 650 |
0 |
7 |
|a skladačky
|2 SNK
|9 284429
|
| 700 |
1 |
|
|a Mensatoris, Vojtech,
|d 1916-1986
|4 aut
|9 193731
|
| 958 |
|
|
|a OND
|
| 999 |
|
|
|c 976839
|d 978769
|
| 952 |
|
|
|t P60, <03>, [BOOK], {603}
|a SNK
|b SNK
|y PREZ
|7 0
|p 17A0147028
|o snkOSC 19850
|i snkK 1253/98
|0 0
|1 0
|4 0
|d 1998-07-16
|l 0
|r 2005-01-02 00:00:00
|w 2026-02-24
|
| 952 |
|
|
|t P60, <04>, [BOOK], {604}
|a SNK
|b SNK
|y VYP
|7 0
|p 17A0450079
|o snkOSC 19850 D1
|i snkD 1620/2004
|0 0
|1 0
|4 0
|d 2004-11-23
|l 0
|r 2005-01-02 00:00:00
|w 2026-02-24
|